La Joventut a la Catalunya dels 80
Descripción Física:
219 p. ; 21 cm
MARC
| LEADER | 00000nam a2200000Ia 4500 | ||
|---|---|---|---|
| 001 | 1373 | ||
| 008 | 160829s1983 xx 000 0 cat d | ||
| 080 | |a S-1-128 | ||
| 245 | |a La Joventut a la Catalunya dels 80 | ||
| 260 | |a Barcelona : |b Diputació de Barcelona. Servei d'Esports i Joventut, |c 1983 | ||
| 300 | |a 219 p. ; |c 21 cm | ||
| 650 | |a Joventut |x Catalunya |x 1980/... |9 31497 | ||
| 650 | |a Joves |x Aspectes socials |x Catalunya |9 31498 | ||
| 710 | 1 | |a Barcelona (Catalunya : Província). |b Servei d'Esports i Joventut |9 53771 | |
| 901 | |a Arxiu | ||
| 942 | |n 1 | ||
| 952 | |0 0 |1 0 |4 0 |6 S1128 |7 1 |9 45634 |a Arxiu |b Arxiu |d 2016-12-01 |l 0 |o S-1-128 |p 1373 |r 2016-12-01 00:00:00 |w 2016-12-01 |y ARXIU | ||
| 999 | |c 49133 |d 49133 | ||